[Llamada de un extraño] = Phone Call from a Stranger /

Un hombre, sobreviviente de un accidente aéreo, busca a los familiares de tres compañeros de viaje con quienes trabó amistad a lo largo de su último día de vida. Su intención es comunicarle a cada familia las decisiones que cada uno de ellos había tomado o sus pensamientos a lo largo de la jornada....

תיאור מלא

שמור ב:
מידע ביבליוגרפי
מחבר ראשי: Negulesco, Jean (realización)
מחברים אחרים: Merrill, Gary (actuación) (actuación), Winters, Shelley (actuación) (actuación), Rennie, Michael (actuación) (actuación)
פורמט: שקופית
שפה:אנגלית
סדרה:(Cinema Classics Collection)
נושאים:
תגים: הוספת תג
אין תגיות, היה/י הראשונ/ה לתייג את הרשומה!

MARC

LEADER 00000ngm^a2200000^a^4500
001 000297373
005 20250521000000.0
009 20260310112336.847
037 |a Acervo ITESO - Biblioteca 
041 |a ING 
082 |a 810.  |b NEG 
100 |a Negulesco, Jean  |e (realización) 
245 1 1 |a [Llamada de un extraño] =  |b Phone Call from a Stranger /  |c Realización de J. Negulesco. 
246 2 |a Título de exhibición cinematográfica en México: Llamada de un extraño 
246 2 |a Título en la cubierta: Phone Call from a Stranger 
264 2 |a Los Angeles, EUA :  |b Twentieth Century Fox [distribución],  |c 2008, c2008 
300 |a 1 DVD región 1  |c (96 min.) 
336 |a imagen móvil bidimensional  |b tdi  |2 rdacontenido 
337 |a video  |b v  |2 rdamedio 
338 |a videodisco  |b vd  |2 rdasoporte 
440 1 |a (Cinema Classics Collection) 
520 |a Un hombre, sobreviviente de un accidente aéreo, busca a los familiares de tres compañeros de viaje con quienes trabó amistad a lo largo de su último día de vida. Su intención es comunicarle a cada familia las decisiones que cada uno de ellos había tomado o sus pensamientos a lo largo de la jornada. Engañado él por su esposa y decidido a abandonarla antes de su viaje, el encuentro con los parientes desconocidos le permite conocer a sus amigos un poco más profundamente y, a la vez, le abre los ojos sobre sus propias necesidades y miedos. 
546 |a En inglés, con subtítulos opcionales: español, francés 
649 |a XX 
650 |a Dramas Cinematográficos 
650 |a Cine Norteamericano -  |y 1950-1959 
650 |a Cine Norteamericano -  |y Siglo XX 
650 |a Cine en Blanco y Negro -  |z EUA 
650 |a Accidentes Aéreos 
650 |a Etica Médica 
650 |a Responsabilidad Penal 
650 |a Muerte 
650 |a Amistad 
650 |a Amor 
650 |a Infidelidad 
650 |a Perdón 
650 |a Relaciones Padres-Hijos 
650 |a Relaciones de Pareja 
650 |a Comunicación Personal 
700 |a Merrill, Gary  |e (actuación) 
700 |a Winters, Shelley  |e (actuación) 
700 |a Rennie, Michael  |e (actuación) 
910 |a Fondo General 
920 |a Audiovisuales - DVDs 
940 |a Películas 
905 |a 302 
901 |a 0500174497  |b IT2  |c DVS  |i C118036  |u 20250521 
902 |a https://opac.biblio.iteso.mx/vufind/Record/000297373